000
00297nam a22001217a 4500
008
180730b xxu||||| |||| 00| 0 eng d
082
_a
813.52
245
_a
Delmar's Administrative medical assisting
_c
Linds, W.Q
260
_c
4th
300
_a
1
_f
CD
440
_x
9781435419227
942
_2
ddc
_c
MX
999
_c
46659
_d
46659